Stations du Métro de Paris par lettre - A - Statistiques

Statistiques générales
  • Ce quiz a été pris 688 fois
    474 depuis la dernière actualisation
  • Le résultat moyen est 8 sur 14
Statistiques - réponses
Lignes Stations % Correct
2 Anvers
81%
12 Abbesses
79%
1 Argentine
75%
4 Alésia
68%
3, 11 Arts et Métiers
66%
2 Avron
61%
3 Anatole France
50%
2 Alexandre Dumas
47%
12 Assemblée Nationale
47%
9 Alma - Marceau
45%
12 Aimé Césaire
41%
14 Aéroport d'Orly
34%
7 Aubervilliers - Pantin Quatre Chemins
29%
10 Avenue Émile Zola
26%
Aucun quiz correspondant
Distribution des résultats
% des personnes avec chaque résultat
Percentile par nombre de réponses
Votre historique - résultats
Vous n’avez pas pris ce quiz depuis la dernière actualisation